Методические аспекты создания 3D кадастра в городах арктического региона РФ; Творчество юных - шаг в успешное будущее

Մատենագիտական մանրամասներ
Parent link:Творчество юных - шаг в успешное будущее.— 2017.— [С. 198-199]
Հիմնական հեղինակ: Чернов А. В.
Այլ հեղինակներ: Аврунев Е. И. (научный руководитель)
Ամփոփում:Заглавие с титульного экрана
Լեզու:ռուսերեն
Հրապարակվել է: 2017
Շարք:Геологические, геохимические, гидрогеохимические и климатические исследования в Арктике и прибрежных зонах арктических морей
Խորագրեր:
Առցանց հասանելիություն:http://earchive.tpu.ru/handle/11683/45587
Ձևաչափ: MixedMaterials Էլեկտրոնային Գրքի գլուխ
KOHA link:https://koha.lib.tpu.ru/cgi-bin/koha/opac-detail.pl?biblionumber=625807

MARC

LEADER 00000naa2a2200000 4500
001 625807
005 20231101133400.0
035 |a (RuTPU)RU\TPU\conf\25067 
035 |a RU\TPU\conf\25066 
090 |a 625807 
100 |a 20171221d2017 k y0rusy50 ca 
101 0 |a rus 
102 |a RU 
105 |a y z 101zy 
135 |a drcn ---uucaa 
181 0 |a i  
182 0 |a b 
200 1 |a Методические аспекты создания 3D кадастра в городах арктического региона РФ  |f А. В. Чернов  |g науч. рук. Е. И. Аврунев 
203 |a Текст  |c электронный 
225 1 |a Геологические, геохимические, гидрогеохимические и климатические исследования в Арктике и прибрежных зонах арктических морей 
230 |a 1 компьютерный файл (pdf; 571 Kb) 
300 |a Заглавие с титульного экрана 
463 1 |0 (RuTPU)RU\TPU\conf\23047  |t Творчество юных - шаг в успешное будущее  |o Арктика и её освоение  |o материалы X Всероссийской научной молодежной конференции с международным участием с элементами научной школы имени профессора М.К. Коровина, г. Томск, 29 мая-2 июня 2017 г.  |f Национальный исследовательский Томский политехнический университет (ТПУ), Институт природных ресурсов (ИПР) ; под ред. А. С. Боева  |v [С. 198-199]  |d 2017 
610 1 |a электронные ресурсы 
610 1 |a Арктика 
610 1 |a налогообложение 
610 1 |a единый государственный реестр 
610 1 |a кадастр недвижимости 
610 1 |a земельно-имущественные отношения 
610 1 |a 3D 
700 1 |a Чернов  |b А. В. 
702 1 |a Аврунев  |b Е. И.  |4 727 
801 2 |a RU  |b 63413507  |c 20171226  |g RCR 
856 4 |u http://earchive.tpu.ru/handle/11683/45587 
942 |c BK